MARC details
| 000 -LEADER |
| fixed length control field |
02662cas a2200625 a 4500 |
| 001 - ACCESSION NUMBER |
| control field |
22173 |
| 003 - CONTROL NUMBER IDENTIFIER |
| control field |
OSt |
| 005 - DATE AND TIME OF LATEST TRANSACTION |
| control field |
20171201104119.0 |
| 008 - FIXED-LENGTH DATA ELEMENTS--GENERAL INFORMATION |
| fixed length control field |
830622d19521985cauhr 0 a0eng c |
| 020 ## - INTERNATIONAL STANDARD BOOK NUMBER |
| International Standard Book Number |
0870410156 |
| 022 0# - INTERNATIONAL STANDARD SERIAL NUMBER |
| International Standard Serial Number |
0892-1237 |
| ISSN-L |
0892-1237 |
| Source |
1 |
| 035 ## - SYSTEM CONTROL NUMBER |
| System control number |
(OCoLC)ocm09631721 |
| 040 ## - CATALOGING SOURCE |
| Original cataloging agency |
ABH |
| Language of cataloging |
eng |
| Transcribing agency |
ABH |
| Modifying agency |
NSD |
| -- |
DLC |
| -- |
OCL |
| -- |
DLC |
| -- |
NSD |
| -- |
NST |
| -- |
WAU |
| -- |
EYM |
| -- |
IUL |
| -- |
LVB |
| -- |
OCLCG |
| -- |
OCLCQ |
| -- |
OCLCA |
| -- |
OCLCF |
| -- |
KLH |
| -- |
OCLCO |
| -- |
IUL |
| -- |
OCLCQ |
| -- |
COF |
| 042 ## - AUTHENTICATION CODE |
| Authentication code |
nsdp |
| -- |
pcc |
| 050 00 - LIBRARY OF CONGRESS CALL NUMBER |
| Classification number |
RC346 |
| Item number |
.C59 |
| 060 #4 - NATIONAL LIBRARY OF MEDICINE CALL NUMBER |
| Classification number |
WL 100 M145c 1952- |
| 082 00 - DEWEY DECIMAL CLASSIFICATION NUMBER |
| Classification number |
612/CHU |
| Edition number |
19 |
| 210 0# - ABBREVIATED TITLE |
| Abbreviated title |
Correl. neuroanat. funct. neurol. |
| 222 #0 - KEY TITLE |
| Key title |
Correlative neuroanatomy & functional neurology |
| 245 00 - TITLE STATEMENT |
| Title |
Correlative neuroanatomy & functional neurology. |
| 246 30 - VARYING FORM OF TITLE |
| Title proper/short title |
Correlative neuroanatomy and functional neurology |
| 246 18 - VARYING FORM OF TITLE |
| Title proper/short title |
Correlative neuroanatomy |
| 260 ## - PUBLICATION, DISTRIBUTION, ETC. (IMPRINT) |
| Place of publication, distribution, etc. |
Los Altos, Calif. : |
| Name of publisher, distributor, etc. |
Lange Medical Publications, |
| Date of publication, distribution, etc. |
1952-1985. |
| 300 ## - PHYSICAL DESCRIPTION |
| Extent |
14 volumes : |
| Other physical details |
illustrations ; |
| Dimensions |
26 cm. |
| 310 ## - CURRENT PUBLICATION FREQUENCY |
| Current publication frequency |
Triennial |
| 336 ## - CONTENT TYPE |
| Content type term |
text |
| Content type code |
txt |
| Source |
rdacontent |
| 337 ## - MEDIA TYPE |
| Media type term |
unmediated |
| Media type code |
n |
| Source |
rdamedia |
| 338 ## - CARRIER TYPE |
| Carrier type term |
volume |
| Carrier type code |
nc |
| Source |
rdacarrier |
| 362 0# - DATES OF PUBLICATION AND/OR SEQUENTIAL DESIGNATION |
| Dates of publication and/or sequential designation |
6th ed.-19th ed. |
| 490 1# - SERIES STATEMENT |
| Series statement |
A concise medical library for practitioner and student |
| 500 ## - GENERAL NOTE |
| General note |
Editors: 6th- Joseph J. McDonald and Joseph G. Chusid; <17th ed.>-19th ed., Joseph G. Chusid. |
| 590 ## - LOCAL NOTE (RLIN) |
| Local note |
SERBIB/SERLOC merged record |
| 650 #0 - SUBJECT ADDED ENTRY--TOPICAL TERM |
| Topical term or geographic name as entry element |
Nervous system |
| General subdivision |
Diseases. |
| 650 #0 - SUBJECT ADDED ENTRY--TOPICAL TERM |
| Topical term or geographic name as entry element |
Neuroanatomy. |
| 650 #0 - SUBJECT ADDED ENTRY--TOPICAL TERM |
| Topical term or geographic name as entry element |
Neurology. |
| 650 #6 - SUBJECT ADDED ENTRY--TOPICAL TERM |
| Topical term or geographic name as entry element |
Neuroanatomie |
| Form subdivision |
Périodiques. |
| 650 #6 - SUBJECT ADDED ENTRY--TOPICAL TERM |
| Topical term or geographic name as entry element |
Neurologie |
| Form subdivision |
Périodiques. |
| 650 #6 - SUBJECT ADDED ENTRY--TOPICAL TERM |
| Topical term or geographic name as entry element |
Système nerveux |
| General subdivision |
Maladies |
| -- |
Diagnostic |
| Form subdivision |
Périodiques. |
| 650 #7 - SUBJECT ADDED ENTRY--TOPICAL TERM |
| Topical term or geographic name as entry element |
Nervous system |
| General subdivision |
Diseases. |
| Source of heading or term |
fast |
| Authority record control number |
(OCoLC)fst01036098 |
| 650 #7 - SUBJECT ADDED ENTRY--TOPICAL TERM |
| Topical term or geographic name as entry element |
Neuroanatomy. |
| Source of heading or term |
fast |
| Authority record control number |
(OCoLC)fst01036307 |
| 650 #7 - SUBJECT ADDED ENTRY--TOPICAL TERM |
| Topical term or geographic name as entry element |
Neurology. |
| Source of heading or term |
fast |
| Authority record control number |
(OCoLC)fst01036390 |
| 650 #2 - SUBJECT ADDED ENTRY--TOPICAL TERM |
| Topical term or geographic name as entry element |
Nervous System |
| General subdivision |
anatomy & histology. |
| 650 #2 - SUBJECT ADDED ENTRY--TOPICAL TERM |
| Topical term or geographic name as entry element |
Nervous System Diseases. |
| 700 1# - ADDED ENTRY--PERSONAL NAME |
| Personal name |
McDonald, Joseph J., |
| Dates associated with a name |
1913-1967. |
| 700 1# - ADDED ENTRY--PERSONAL NAME |
| Personal name |
Chusid, Joseph G. |
| 776 08 - ADDITIONAL PHYSICAL FORM ENTRY |
| Relationship information |
Online version: |
| Title |
Correlative neuroanatomy & functional neurology |
| Record control number |
(OCoLC)605502474 |
| 776 08 - ADDITIONAL PHYSICAL FORM ENTRY |
| Relationship information |
Online version: |
| Title |
Correlative neuroanatomy & functional neurology |
| Record control number |
(OCoLC)623755973 |
| 780 00 - PRECEDING ENTRY |
| Main entry heading |
Chusid, Joseph G. |
| Title |
Correlative neuroanatomy |
| Record control number |
(OCoLC)702706552 |
| 785 00 - SUCCEEDING ENTRY |
| Title |
Correlative neuroanatomy (East Norwalk, Conn.) |
| International Standard Serial Number |
1042-0398 |
| Record control number |
(DLC) 88648657 |
| -- |
(OCoLC)18398226 |
| 830 #0 - SERIES ADDED ENTRY--UNIFORM TITLE |
| Uniform title |
Concise medical library for practitioner and student. |
| 906 ## - LOCAL DATA ELEMENT F, LDF (RLIN) |
| a |
7 |
| b |
cbc |
| c |
serials |
| d |
3 |
| e |
ncip |
| f |
19 |
| g |
n-oclcserc |
| 942 ## - ADDED ENTRY ELEMENTS (KOHA) |
| Source of classification or shelving scheme |
Dewey Decimal Classification |
| Koha item type |
Circ Books |